Loading...
| Fine Arts - Visual | 1 | 2 | 0 | 0 | 35 | 64 | 103.00 | 1 | 3 | 0.00 | 0.00 |
| History - European | 1 | 2 | 1 | 0 | 30 | 66 | 95.67 | 1 | 3 | 0.00 | 0.00 |
| Philosophy | 0 | 3 | 0 | 0 | 30 | 87 | 97.67 | 2 | 3 | 0.00 | 0.00 |
| History - American | 0 | 3 | 1 | 0 | 25 | 88 | 106.67 | 1 | 3 | 0.00 | 0.00 |
| Literature - European | 0 | 2 | 0 | 2 | 20 | 148 | 151.00 | 0 | 2 | 0.00 | 0.00 |
| History - Ancient/Other | 0 | 2 | 0 | 1 | 20 | 93 | 118.00 | 1 | 2 | 0.00 | 0.00 |
| Geography | 0 | 2 | 0 | 1 | 20 | 116 | 130.50 | 0 | 2 | 0.00 | 0.00 |
| Fine Arts - Auditory | 0 | 2 | 0 | 1 | 20 | 142 | 150.50 | 1 | 2 | 0.00 | 0.00 |
| Fine Arts - Other | 0 | 2 | 1 | 0 | 15 | 129 | 136.50 | 0 | 2 | 0.00 | 0.00 |
| History - World | 0 | 1 | 0 | 1 | 10 | 132 | 132.00 | 0 | 1 | 0.00 | 0.00 |
| Other Academic | 1 | 0 | 1 | 0 | 10 | 71 | 71.00 | 1 | 1 | 0.00 | 0.00 |
| Science - Chemistry | 0 | 1 | 0 | 1 | 10 | 140 | 140.00 | 0 | 1 | 0.00 | 0.00 |
| Social Science | 0 | 1 | 1 | 0 | 5 | 137 | 137.00 | 0 | 1 | 0.00 | 0.00 |
| Literature - World | 0 | 0 | 0 | 0 | 0 | 0.00 | 0 | 0 | 0.00 | 0.00 | |
| Literature - American | 0 | 0 | 1 | 0 | -5 | 0.00 | 0 | 0 | 0.00 | 0.00 |